doomsday - Lizzy McAlpine (ALL LYRICS) - Statistics

General Stats
  • This quiz has been taken 199 times
  • The average score is 293 of 335
Answer Stats
Answer % Correct
do
100%
I
99%
a
98%
the
98%
my
97%
to
97%
in
96%
it
96%
like
96%
close
95%
Doomsday
95%
doomsday
95%
go
95%
I'd
95%
is
95%
plan
95%
you
95%
and
94%
band
94%
I'll
94%
marching
94%
as
92%
me
92%
on
92%
play
92%
who
91%
you'll
91%
You'll
91%
at
90%
don't
90%
Don't
90%
speak
90%
hand
89%
machine
89%
sit
89%
stare
89%
book
88%
but
88%
death
88%
feel
88%
of
88%
out
88%
throwing
88%
up
88%
why
88%
would
88%
youre
88%
you're
88%
It's
87%
such
87%
want
87%
die
86%
only
86%
funeral
85%
week
85%
narcissist
84%
next
84%
september
84%
that
84%
goddamn
83%
have
83%
June
83%
plug
83%
probably
83%
pull
83%
Pull
83%
part
82%
so
82%
this
82%
if
81%
matter
81%
no
81%
wanna
81%
around
80%
choice
80%
make
80%
get
78%
married
78%
stuck
78%
thing
78%
work
78%
you'd
78%
funny
77%
got
77%
Halloween
77%
end
76%
hell
76%
painless
76%
be
75%
free
75%
I've
75%
priest
75%
start
75%
than
75%
told
75%
would've
75%
did
74%
more
74%
planning
74%
too
74%
years
74%
feet
73%
ground
73%
say
73%
six
73%
know
72%
soon
72%
violent
72%
booked
71%
murderer
71%
always
70%
careful
70%
family
69%
for
69%
friends
69%
love
69%
cause
68%
bleed
67%
again
66%
myself
66%
dry
65%
over
65%
good
63%
had
63%
think
63%
quiet
61%
somewhere
61%
there's
61%
allowed
59%
hang
59%
liked
59%
chaos
55%
till
52%
through
51%
Was
45%
No matching quizzes found
Score Distribution
Percent of People with Each Score
Percentile by Number Answered
Your Score History
You have not taken this quiz